[Event "World Rapid 2019"]
[Site "Moscow RUS"]
[Date "2019.12.26"]
[Round "2.30"]
[White "Timofeev, Artyom"]
[Black "Vokhidov, Shamsiddin"]
[Result "1/2-1/2"]
[WhiteTitle "GM"]
[BlackTitle "IM"]
[WhiteElo "2588"]
[BlackElo "2526"]
[WhiteFideId "4140419"]
[BlackFideId "14204223"]
[EventDate "2019.12.26"]
[EventType "rapid"]

1. c4 e5 2. e3 Nf6 3. Nc3 Bb4 4. Nge2 O-O 5. a3 Bxc3 6. Nxc3 Re8 7. Be2 d5 8.
cxd5 Nxd5 9. O-O Nc6 10. d3 Nxc3 11. bxc3 Be6 12. c4 Qd7 13. Bb2 Rad8 14. Qc2 f6
15. Rad1 Bg4 16. f3 Bf5 17. Rfe1 Kh8 18. Bf1 b6 19. Qc3 Bg6 20. Kf2 Qd6 21. h3
Ne7 22. d4 exd4 23. Rxd4 Qe6 24. e4 Rxd4 25. Qxd4 c5 26. Qe3 Nc6 27. Rd1 Bf7 28.
Qf4 Qe7 29. Qd6 Qxd6 30. Rxd6 Re6 31. Rd7 Re7 32. Rxe7 Nxe7 33. e5 f5 34. Ke3
Be6 35. g4 Kg8 36. Bd3 Kf7 37. Bc3 g5 38. f4 fxg4 39. hxg4 Bxg4 40. fxg5 Bf5 41.
Be2 Ke6 42. Bf3 Bg6 43. Bg4+ Bf5 44. Bf3 Bg6 45. Bg4+ Bf5 46. Bf3 Bh3 47. Be4
Bf5 48. Bf3 1/2-1/2

[Event "World Rapid 2019"]
[Site "Moscow RUS"]
[Date "2019.12.26"]
[Round "2.32"]
[White "Adly, Ahmed"]
[Black "Dragnev, Valentin"]
[Result "0-1"]
[WhiteTitle "GM"]
[BlackTitle "GM"]
[WhiteElo "2607"]
[BlackElo "2553"]
[WhiteFideId "10601619"]
[BlackFideId "1634852"]
[EventDate "2019.12.26"]
[EventType "rapid"]

1. Nf3 d5 2. g3 Nd7 3. c4 dxc4 4. Bg2 e5 5. O-O e4 6. Ne1 Ngf6 7. Nc3 Nc5 8. f3
exf3 9. Nxf3 Be7 10. Qc2 O-O 11. b3 cxb3 12. axb3 Be6 13. Rb1 c6 14. b4 Ncd7 15.
Ng5 Bg4 16. b5 cxb5 17. Rxb5 Rc8 18. Qa2 h6 19. Nf3 Be6 20. Qa1 Bc5+ 21. Kh1 Bb6
22. Ba3 Re8 23. Nh4 Bc4 24. Rbb1 Bxe2 25. Nxe2 Rxe2 26. Nf5 Rc2 27. Bb4 Ne5 28.
Qa4 Rxg2 29. Qxc2 Re2 30. Ne7+ Kh8 31. Qd1 Qd3 32. Qxe2 Qxe2 33. Rbe1 Qc4 34.
Bc3 Bd4 35. Rf4 Nc6 36. Kg2 Qc5 37. Bxd4 Nxd4 38. Rff1 a5 39. h4 a4 40. Re3 a3 0-1

[Event "World Rapid 2019"]
[Site "Moscow RUS"]
[Date "2019.12.26"]
[Round "2.33"]
[White "Bocharov, Dmitry"]
[Black "Makarian, Rudik"]
[Result "1-0"]
[WhiteTitle "GM"]
[BlackTitle "IM"]
[WhiteElo "2524"]
[BlackElo "2397"]
[WhiteFideId "4138716"]
[BlackFideId "44105681"]
[EventDate "2019.12.26"]
[EventType "rapid"]

1. c4 g6 2. g3 Bg7 3. Bg2 Nf6 4. d4 c5 5. Nf3 cxd4 6. Nxd4 h5 7. h3 O-O 8. Nc3
Nc6 9. Nc2 d6 10. b3 Bd7 11. Bb2 a6 12. Nd5 Nxd5 13. Bxg7 Kxg7 14. cxd5 Qa5+ 15.
Qd2 Qxd2+ 16. Kxd2 Na7 17. Ne3 b5 18. Rhc1 Rfc8 19. h4 Rxc1 20. Rxc1 Rc8 21. Nc2
Kf8 22. f4 Rc7 23. e4 Nc8 24. Bf1 Nb6 25. Nb4 Rxc1 26. Kxc1 Bc8 27. Kd2 Bb7 28.
Ke3 Ke8 29. Kd4 Kd8 30. Bd3 Kc7 31. Nc2 Nd7 32. Ne3 Nf8 33. b4 e6 34. Bc2 exd5
35. Nxd5+ Kd7 36. Bb3 Ne6+ 37. Ke3 Nd8 38. a3 Nc6 39. Nb6+ Kc7 40. Bxf7 Kxb6 41.
Bxg6 a5 42. bxa5+ Kxa5 43. Bxh5 Ka4 44. Be2 Bc8 45. h5 Be6 46. h6 Bg8 47. g4 Ne7
48. g5 d5 49. Bd3 Kxa3 50. Bxb5 Kb4 51. Bd3 Kc3 52. f5 Bh7 53. g6 d4+ 54. Ke2
Nxg6 55. fxg6 Bxg6 56. Bb1 Bh5+ 57. Kf2 Bg6 58. Kf3 Kb2 59. Bd3 Kc3 60. Bf1 d3
61. Bxd3 Kxd3 62. e5 Kd4 63. Kf4 Kd5 64. Kg5 Bd3 65. Kf6 Bc2 66. e6 Kd6 67. e7 1-0

[Event "World Rapid 2019"]
[Site "Moscow RUS"]
[Date "2019.12.26"]
[Round "2.35"]
[White "Antipov, Mikhail Al."]
[Black "Nihal, Sarin"]
[Result "1-0"]
[WhiteTitle "GM"]
[BlackTitle "GM"]
[WhiteElo "2549"]
[BlackElo "2612"]
[WhiteFideId "4107012"]
[BlackFideId "25092340"]
[EventDate "2019.12.26"]
[EventType "rapid"]

1. e4 c5 2. Nf3 e6 3. b3 b6 4. Bb2 Bb7 5. Qe2 Nc6 6. Nc3 Nge7 7. O-O-O Ng6 8. h4
h5 9. g3 f6 10. d4 cxd4 11. Nxd4 Nxd4 12. Rxd4 Bc5 13. Rd2 Bc6 14. Nb5 Qb8 15.
Nd4 Bxd4 16. Rxd4 Qb7 17. Bh3 a5 18. Rhd1 a4 19. f4 axb3 20. axb3 Ne7 21. g4
hxg4 22. Qxg4 Kf7 23. h5 Rh7 24. Bg2 Rah8 25. Ba3 Qa7 26. Kb2 Ra8 27. Ra1 b5 28.
Rdd1 Qf2 29. Bf3 f5 30. Qh3 fxe4 31. Bg4 b4 32. Bxb4 Rxa1 33. Rxa1 Nd5 34. Be1
Qxf4 35. Bh4 Qe5+ 36. c3 e3 37. Rf1+ Ke8 38. Be1 Rh6 39. Be2 Rf6 40. h6 gxh6 41.
Rxf6 Qxf6 42. Qg3 Qg5 43. Qb8+ Ke7 44. Qh2 Qf4 45. Bg3 Qf5 46. Qxh6 Nf6 47. Qg7+
Ke8 48. Bd6 Kd8 49. Qe7+ Kc8 50. Qf8+ 1-0

[Event "World Rapid 2019"]
[Site "Moscow RUS"]
[Date "2019.12.26"]
[Round "2.36"]
[White "Vallejo Pons, Francisco"]
[Black "Mikhailovsky, Vladimir"]
[Result "1-0"]
[WhiteTitle "GM"]
[BlackTitle "CM"]
[WhiteElo "2704"]
[BlackElo "2209"]
[WhiteFideId "2205530"]
[BlackFideId "34105414"]
[EventDate "2019.12.26"]
[EventType "rapid"]

1. e4 Nf6 2. e5 Nd5 3. d4 d6 4. Nf3 Bg4 5. Be2 e6 6. O-O Be7 7. c4 Nb6 8. Be3
Nc6 9. exd6 cxd6 10. d5 exd5 11. cxd5 Bxf3 12. Bxf3 Ne5 13. Be2 O-O 14. Na3 Ned7
15. Rc1 Bg5 16. f4 Bf6 17. Nb5 Bxb2 18. Rc2 Bf6 19. Nxd6 Qe7 20. Nf5 Qe4 21. Bf3
Qa4 22. d6 Nc4 23. Bf2 Rac8 24. Bxb7 Rcd8 25. Bc6 Qa6 26. Bxd7 Rxd7 27. Qe2 Rc8
28. Ne7+ Bxe7 29. dxe7 Re8 30. Qxc4 1-0

[Event "World Rapid 2019"]
[Site "Moscow RUS"]
[Date "2019.12.26"]
[Round "2.37"]
[White "Andriasian, Zaven"]
[Black "Suleymanli, Aydin"]
[Result "1/2-1/2"]
[WhiteTitle "GM"]
[BlackTitle "IM"]
[WhiteElo "2611"]
[BlackElo "2473"]
[WhiteFideId "13302000"]
[BlackFideId "13413937"]
[EventDate "2019.12.26"]
[EventType "rapid"]

1. e4 c6 2. Nc3 d5 3. Nf3 Bg4 4. h3 Bh5 5. d4 e6 6. Bd3 Nf6 7. a3 dxe4 8. Nxe4
Nbd7 9. Ng3 Bg6 10. Bxg6 hxg6 11. Bf4 Nd5 12. Bd2 Qc7 13. O-O N5f6 14. Re1 Bd6
15. Nf1 c5 16. Qe2 O-O 17. Rad1 a6 18. Bg5 Rac8 19. c3 Rfe8 20. Qc2 Bf4 21. h4
b5 22. g3 Bd6 23. Ne3 cxd4 24. Nxd4 e5 25. Nf3 e4 26. Nd2 Bc5 27. Bf4 Ne5 28.
Bxe5 Rxe5 29. Ndf1 g5 30. hxg5 Rxg5 31. Qe2 Qc6 32. c4 Qe6 33. Nd2 g6 34. b4 Bd6
35. c5 Bxg3 36. fxg3 Rxg3+ 37. Ng2 Qh3 38. Nxe4 Ng4 39. Nxg3 Qxg3 40. Qe4 Qf2+
41. Kh1 Qg3 42. Kg1 Qf2+ 43. Kh1 Qg3 44. Kg1 Qf2+ 45. Kh1 Qg3 46. Kg1 Qf2+ 47.
Kh1 Qg3 1/2-1/2

[Event "World Rapid 2019"]
[Site "Moscow RUS"]
[Date "2019.12.26"]
[Round "2.39"]
[White "Korobov, Anton"]
[Black "Castellanos Rodriguez, Renier"]
[Result "1-0"]
[WhiteTitle "GM"]
[BlackTitle "IM"]
[WhiteElo "2668"]
[BlackElo "2474"]
[WhiteFideId "14105730"]
[BlackFideId "3404650"]
[EventDate "2019.12.26"]
[EventType "rapid"]

1. d4 Nf6 2. c4 e6 3. Nf3 d5 4. Nc3 a6 5. c5 Nc6 6. Bf4 Ne4 7. Rc1 Be7 8. h4 O-O
9. e3 f5 10. h5 Bd7 11. Be2 Bf6 12. a3 Be8 13. b4 Qe7 14. Qb3 Rd8 15. a4 a5 16.
b5 Nb4 17. Na2 Nxa2 18. Qxa2 Ng5 19. Ne5 Nf7 20. Qd2 Ra8 21. g3 Bxe5 22. dxe5
Ng5 23. Bxg5 Qxg5 24. Rh4 Bd7 25. Kf1 Qe7 26. Kg2 Rfc8 27. Qd4 c6 28. b6 Rf8 29.
Rch1 Qg5 30. f4 Qe7 31. Kf2 Rf7 32. Ke1 Rff8 33. Kd2 Rf7 34. Qc3 Rff8 35. Kd3
Rf7 36. Kd4 Rff8 37. Qe1 Rf7 38. g4 Kh8 39. Qg3 Rg8 40. Bd3 Rff8 41. gxf5 exf5
42. Qg6 Qe6 43. Rg1 Re8 44. Rh3 Re7 45. Qg5 Rf7 46. Qh4 Qe7 47. Rg6 Be6 48. Qxe7
Rxe7 49. Rxe6 Rxe6 50. Bxf5 Rh6 51. e6 g6 52. hxg6 Rxh3 53. Bxh3 hxg6 54. Ke5
Kg7 55. e7 1-0

[Event "World Rapid 2019"]
[Site "Moscow RUS"]
[Date "2019.12.26"]
[Round "2.40"]
[White "Artemiev, Vladislav"]
[Black "Tari, Aryan"]
[Result "1-0"]
[WhiteTitle "GM"]
[BlackTitle "GM"]
[WhiteElo "2731"]
[BlackElo "2634"]
[WhiteFideId "24101605"]
[BlackFideId "1510045"]
[EventDate "2019.12.26"]
[EventType "rapid"]

1. c4 g6 2. g3 Bg7 3. Bg2 c5 4. Nc3 Nc6 5. e4 e6 6. Nge2 Nge7 7. O-O O-O 8. d3
d6 9. Rb1 a5 10. Be3 Nd4 11. Qd2 Nec6 12. Bh6 Bxh6 13. Qxh6 Qf6 14. Qe3 Bd7 15.
f4 Qg7 16. Rf2 Rae8 17. Rbf1 f5 18. Qd2 Nxe2+ 19. Nxe2 b6 20. Re1 Nd4 21. Nxd4
Qxd4 22. Qc3 e5 23. Qxd4 cxd4 24. fxe5 dxe5 25. exf5 Bxf5 26. Rd2 Kg7 27. Bc6
Re7 28. Kg2 g5 29. Be4 Bd7 30. Rc2 Rc8 31. Rf1 Bc6 32. Re2 Bxe4+ 33. Rxe4 Rf8
34. Rfe1 Rfe8 35. h4 h6 36. Kh3 Kg6 37. hxg5 hxg5 38. Kg4 Re6 39. b3 R6e7 40.
Rf1 Rf7 41. Rxf7 Kxf7 42. Kf5 Rh8 43. Rxe5 Rh2 44. a4 Rg2 45. g4 Rg3 46. Rb5
Rxd3 47. Rxb6 Re3 48. Kxg5 Ke7 49. Kf4 Rh3 50. Rb5 Ke6 51. Ke4 d3 52. Re5+ Kf6
53. Rd5 d2 54. Rxd2 Rxb3 55. c5 Rg3 56. Kd5 Rxg4 57. c6 Ke7 58. Kc5 Rxa4 59. c7
Ra1 60. Rd8 Rc1+ 61. Kb6 Rb1+ 62. Kxa5 Ra1+ 63. Kb4 1-0

[Event "World Rapid 2019"]
[Site "Moscow RUS"]
[Date "2019.12.26"]
[Round "2.42"]
[White "Svidler, Peter"]
[Black "Sethuraman, S.P."]
[Result "1-0"]
[WhiteTitle "GM"]
[BlackTitle "GM"]
[WhiteElo "2723"]
[BlackElo "2638"]
[WhiteFideId "4102142"]
[BlackFideId "5021596"]
[EventDate "2019.12.26"]
[EventType "rapid"]

1. e4 c5 2. Nf3 d6 3. d4 cxd4 4. Nxd4 Nf6 5. Nc3 a6 6. Nb3 Nc6 7. Be3 Ng4 8. Bg5
h6 9. Bd2 Nf6 10. Qe2 e6 11. O-O-O b5 12. g4 Be7 13. Bg2 Qc7 14. h4 b4 15. Na4
a5 16. e5 dxe5 17. g5 Nd5 18. Be3 Ba6 19. Qg4 h5 20. Qg3 Bc4 21. Nbc5 O-O 22. g6
Nf4 23. Bxf4 exf4 24. gxf7+ Rxf7 25. Qf3 Rc8 26. Rd7 Qe5 27. Nd3 Bxd3 28. Qxd3
f3 29. Bh3 Qf4+ 30. Kb1 Ne5 31. Qa6 Rc6 32. Qb7 Qe4 33. Rd2 Nc4 34. Rd3 Ne5 35.
Rd2 Kh7 36. Bxe6 Bg5 37. Bxf7 Bxd2 38. Bb3 Qf5 39. Qb5 Bf4 40. Nc5 Rd6 41. Qb8
Ng6 42. Qg8+ Kh6 43. Ne6 Qf6 44. Nc5 Qf5 45. Nd3 Rxd3 46. cxd3 Ne5 47. Bc2 b3
48. axb3 Ng6 49. d4 Qg4 50. Qe8 Qg2 51. Re1 Nxh4 52. Qh8+ 1-0

[Event "World Rapid 2019"]
[Site "Moscow RUS"]
[Date "2019.12.26"]
[Round "2.43"]
[White "Jumabayev, Rinat"]
[Black "Petrosian, Tigran L."]
[Result "0-1"]
[WhiteTitle "GM"]
[BlackTitle "GM"]
[WhiteElo "2646"]
[BlackElo "2601"]
[WhiteFideId "13702661"]
[BlackFideId "13301616"]
[EventDate "2019.12.26"]
[EventType "rapid"]

1. d4 d6 2. Nf3 Bg4 3. g3 Bxf3 4. exf3 d5 5. Bg2 e6 6. O-O Ne7 7. Nd2 Nd7 8. f4
g6 9. Nf3 Bg7 10. Qe2 O-O 11. Rd1 Rc8 12. Rb1 c5 13. c4 dxc4 14. dxc5 Rxc5 15.
Be3 Rc8 16. Bxa7 b6 17. Ng5 Qc7 18. Nxe6 Qxa7 19. Bh3 Nf5 20. Nxg7 Kxg7 21. Bxf5
gxf5 22. Qe7 Rfe8 23. Qg5+ Kh8 24. Qxf5 Re7 25. Rd5 Rc6 26. Qg5 Rce6 27. f5 f6
28. Qd2 Re2 29. Qc3 Ne5 30. Rbd1 b5 31. R1d4 b4 0-1

[Event "World Rapid 2019"]
[Site "Moscow RUS"]
[Date "2019.12.26"]
[Round "2.44"]
[White "Salem, A.R. Saleh"]
[Black "Triapishko, Alexandr"]
[Result "1-0"]
[WhiteTitle "GM"]
[BlackTitle "IM"]
[WhiteElo "2675"]
[BlackElo "2502"]
[WhiteFideId "9301348"]
[BlackFideId "14122286"]
[EventDate "2019.12.26"]
[EventType "rapid"]

1. d4 Nf6 2. c4 e6 3. Nc3 Bb4 4. e3 O-O 5. Bd3 d5 6. cxd5 exd5 7. Ne2 c5 8. O-O
b6 9. a3 Bxc3 10. bxc3 Ba6 11. Bxa6 Nxa6 12. f3 Nc7 13. Ng3 Re8 14. Ra2 Qd7 15.
a4 cxd4 16. cxd4 Rac8 17. Qd3 Ne6 18. Raf2 Qxa4 19. Nf5 Qc6 20. Ba3 Qc3 21. Qa6
Rc7 22. Bd6 Qc4 23. Qa3 Qc3 24. Qa6 Qc4 25. Qa1 Rd7 26. Be5 Qd3 27. g4 Ng5 28.
Rd1 Qb5 29. Kg2 Re6 30. Rb2 Qc6 31. Rc1 Qb7 32. h4 Nge4 33. fxe4 Nxg4 34. Qxa7
Re8 35. Qxb7 Rxb7 36. Nd6 Nxe5 37. dxe5 1-0

[Event "World Rapid 2019"]
[Site "Moscow RUS"]
[Date "2019.12.26"]
[Round "2.45"]
[White "Yilmaz, Mustafa"]
[Black "Sargissian, Gabriel"]
[Result "0-1"]
[WhiteTitle "GM"]
[BlackTitle "GM"]
[WhiteElo "2604"]
[BlackElo "2689"]
[WhiteFideId "6302718"]
[BlackFideId "13300881"]
[EventDate "2019.12.26"]
[EventType "rapid"]

1. d4 Nf6 2. c4 e6 3. Nf3 d5 4. Nc3 Bb4 5. Bg5 h6 6. Bxf6 Qxf6 7. Qa4+ Nc6 8. e3
O-O 9. Be2 dxc4 10. O-O Bd7 11. Bxc4 Bxc3 12. bxc3 Rfd8 13. Qc2 Na5 14. Bd3 c5
15. Qe2 Rac8 16. Ne5 cxd4 17. cxd4 Nc6 18. f4 Nb4 19. Bc4 Nc6 20. Rf3 Nxe5 21.
fxe5 Qe7 22. Raf1 Be8 23. Rg3 Rc7 24. Qg4 g6 25. Bd3 Rdc8 26. h4 Rc1 27. Rxc1
Rxc1+ 28. Kh2 Kg7 29. h5 Rc3 30. hxg6 f5 31. exf6+ Qxf6 32. Be4 e5 33. Rf3 Qe7
34. Bd5 Rc7 35. Rf5 Bd7 36. dxe5 Bxf5 37. Qxf5 Qh4+ 38. Qh3 Qxh3+ 39. Kxh3 Re7
40. Kg4 Rxe5 41. e4 Rg5+ 42. Kf3 b5 43. g4 Kxg6 44. Kf4 Kf6 0-1

[Event "World Rapid 2019"]
[Site "Moscow RUS"]
[Date "2019.12.26"]
[Round "2.46"]
[White "Tomashevsky, Evgeny"]
[Black "Salgado Lopez, Ivan"]
[Result "1/2-1/2"]
[WhiteTitle "GM"]
[BlackTitle "GM"]
[WhiteElo "2705"]
[BlackElo "2605"]
[WhiteFideId "4147235"]
[BlackFideId "2257327"]
[EventDate "2019.12.26"]
[EventType "rapid"]

1. c4 b6 2. d4 e6 3. Nf3 Bb7 4. g3 Bb4+ 5. Bd2 Bxd2+ 6. Qxd2 Nf6 7. Bg2 d6 8.
O-O Nbd7 9. Qc2 Be4 10. Qa4 O-O 11. Nc3 Bb7 12. Rfd1 a6 13. Qc2 Re8 14. e4 e5
15. dxe5 dxe5 16. Nd5 Qb8 17. Nh4 c6 18. Nxf6+ Nxf6 19. c5 b5 20. Rd6 Qc7 21.
Qd2 Bc8 22. h3 Be6 23. a3 a5 24. Re1 Red8 25. Nf5 Ne8 26. Rd1 Nxd6 27. cxd6 Qd7
28. Nxg7 Kxg7 29. Qg5+ Kf8 30. Qf6 Kg8 31. Qg5+ Kf8 32. Qf6 1/2-1/2

[Event "World Rapid 2019"]
[Site "Moscow RUS"]
[Date "2019.12.26"]
[Round "2.47"]
[White "Narayanan, Srinath"]
[Black "Meier, Georg"]
[Result "0-1"]
[WhiteTitle "GM"]
[BlackTitle "GM"]
[WhiteElo "2529"]
[BlackElo "2626"]
[WhiteFideId "5018420"]
[BlackFideId "4675789"]
[EventDate "2019.12.26"]
[EventType "rapid"]

1. e4 e6 2. d4 d5 3. Nd2 dxe4 4. Nxe4 Nd7 5. Nf3 Ngf6 6. Nxf6+ Nxf6 7. Bg5 h6 8.
Be3 Bd6 9. Bd3 O-O 10. Qe2 b6 11. O-O-O Bb7 12. Kb1 c5 13. c3 Nd5 14. Bc2 Qc7
15. Bc1 Rfd8 16. h4 Bf4 17. Be3 Nf6 18. Rh3 Rac8 19. g4 Nxg4 20. Rg1 h5 21. dxc5
Bxe3 22. fxe3 Bxf3 23. Rxf3 Qxc5 24. Rfg3 Qe5 25. Qg2 Rd7 26. Bd1 f5 27. Bb3 Kh7
28. e4 Rcd8 29. exf5 exf5 30. Qc6 g6 31. a3 Qc5 32. Qa4 Re7 33. Rf1 Qe5 34. Rf4
b5 35. Qb4 Qd6 36. Qa5 Rdd7 37. Rff3 Qb6 38. Qb4 a5 39. Qf4 a4 40. Bc2 Re1+ 41.
Ka2 Qe6+ 42. c4 Re2 43. Rc3 bxc4 44. Qb8 Qe5 45. Qc8 Rc7 46. Qa6 Rxc2 47. Rxg4
hxg4 48. Rxc2 f4 49. h5 gxh5 50. Rd2 c3 51. Rd6 Qf5 52. bxc3 f3 53. Rf6 Qc2+ 54.
Ka1 Qxc3+ 55. Ka2 Qb3+ 0-1

[Event "World Rapid 2019"]
[Site "Moscow RUS"]
[Date "2019.12.26"]
[Round "2.48"]
[White "Anton Guijarro, David"]
[Black "Kryakvin, Dmitry"]
[Result "1/2-1/2"]
[WhiteTitle "GM"]
[BlackTitle "GM"]
[WhiteElo "2685"]
[BlackElo "2596"]
[WhiteFideId "2285525"]
[BlackFideId "4153278"]
[EventDate "2019.12.26"]
[EventType "rapid"]

1. c4 c6 2. Nf3 d5 3. e3 Nf6 4. Nc3 e6 5. b3 Bd6 6. Bb2 O-O 7. Qc2 Re8 8. d4
Nbd7 9. Be2 b6 10. O-O Bb7 11. Rfe1 Qe7 12. Rad1 Rad8 13. Bf1 h6 14. g3 Ba3 15.
Bxa3 Qxa3 16. Ne5 Nxe5 17. dxe5 Nd7 18. f4 Qe7 19. cxd5 exd5 20. Qf2 f6 21. e4
Qb4 22. exd5 fxe5 23. dxc6 Bxc6 24. Bc4+ Kh8 25. Nd5 Bxd5 26. Rxd5 Nf6 27. Rxd8
Rxd8 28. fxe5 Ng4 29. Qe2 b5 30. Rf1 Qc5+ 31. Kh1 Qc6+ 32. Kg1 Qc5+ 33. Kh1 Qc6+ 1/2-1/2

[Event "World Rapid 2019"]
[Site "Moscow RUS"]
[Date "2019.12.26"]
[Round "2.49"]
[White "Inarkiev, Ernesto"]
[Black "Reshetnikov, Alexey"]
[Result "1-0"]
[WhiteTitle "GM"]
[BlackTitle "IM"]
[WhiteElo "2663"]
[BlackElo "2492"]
[WhiteFideId "4162722"]
[BlackFideId "4162080"]
[EventDate "2019.12.26"]
[EventType "rapid"]

1. e4 c5 2. Nf3 e6 3. d4 cxd4 4. Nxd4 a6 5. Nc3 Qc7 6. Bd3 Nf6 7. f4 d6 8. Qf3
b5 9. a3 Nbd7 10. g4 Nc5 11. Bd2 Bb7 12. g5 Nfd7 13. Rf1 g6 14. Qe3 Bg7 15. f5
Ne5 16. Be2 Nc6 17. Nxc6 Bxc6 18. f6 Bf8 19. Bf3 O-O-O 20. O-O-O Kb8 21. Kb1 h6
22. h4 hxg5 23. hxg5 Nd7 24. Rh1 Rxh1 25. Rxh1 Nb6 26. Be1 d5 27. exd5 Nxd5 28.
Bxd5 Bxd5 29. Nxd5 exd5 30. Bg3 Bd6 31. Bxd6 Qxd6 32. Rh7 Rd7 33. Rxf7 1-0

[Event "World Rapid 2019"]
[Site "Moscow RUS"]
[Date "2019.12.26"]
[Round "2.50"]
[White "Zhigalko, Sergei"]
[Black "Tran, Tuan Minh"]
[Result "1-0"]
[WhiteTitle "GM"]
[BlackTitle "GM"]
[WhiteElo "2571"]
[BlackElo "2529"]
[WhiteFideId "13502956"]
[BlackFideId "12401820"]
[EventDate "2019.12.26"]
[EventType "rapid"]

1. e4 c5 2. Nf3 d6 3. d4 cxd4 4. Qxd4 Nc6 5. Bb5 a6 6. Bxc6+ bxc6 7. c4 e5 8.
Qd3 Ne7 9. Nc3 Ng6 10. c5 Bg4 11. h3 Be6 12. cxd6 Qxd6 13. Qc2 Bc4 14. Be3 Bd3
15. Qa4 Rb8 16. O-O-O Rb4 17. Qa5 c5 18. a3 Rb8 19. Rxd3 Qxd3 20. Rd1 Qc4 21.
Qc7 Bd6 22. Qc6+ 1-0

[Event "World Rapid 2019"]
[Site "Moscow RUS"]
[Date "2019.12.26"]
[Round "2.51"]
[White "Kim, Alexey"]
[Black "Mamedov, Rauf"]
[Result "0-1"]
[WhiteTitle "GM"]
[BlackTitle "GM"]
[WhiteElo "2464"]
[BlackElo "2659"]
[WhiteFideId "4129776"]
[BlackFideId "13401653"]
[EventDate "2019.12.26"]
[EventType "rapid"]

1. e4 c5 2. Nf3 Nc6 3. d4 cxd4 4. Nxd4 g6 5. Nc3 Bg7 6. Be3 Nf6 7. Bc4 O-O 8.
Bb3 d6 9. f3 Bd7 10. Qd2 Nxd4 11. Bxd4 b5 12. h4 a5 13. Nd5 a4 14. Nxf6+ Bxf6
15. Bxf6 axb3 16. Bc3 Rxa2 17. Rb1 bxc2 18. Qxc2 Be6 19. Qd2 f6 20. g4 Qb6 21.
Rc1 Rc8 22. Qf2 Rxc3 23. Qxb6 Rxc1+ 24. Kf2 Rxh1 25. Kg3 Kf7 26. Qd8 g5 27. hxg5
fxg5 28. Qh8 Raa1 0-1

[Event "World Rapid 2019"]
[Site "Moscow RUS"]
[Date "2019.12.26"]
[Round "2.52"]
[White "Chigaev, Maksim"]
[Black "Tregubov, Pavel V."]
[Result "0-1"]
[WhiteTitle "GM"]
[BlackTitle "GM"]
[WhiteElo "2631"]
[BlackElo "2588"]
[WhiteFideId "4108116"]
[BlackFideId "4115341"]
[EventDate "2019.12.26"]
[EventType "rapid"]

1. e4 e5 2. Nf3 Nf6 3. Nxe5 d6 4. Nf3 Nxe4 5. Qe2 Qe7 6. d3 Nf6 7. Bg5 Qxe2+ 8.
Bxe2 Be7 9. Nc3 h6 10. Bd2 a6 11. O-O-O O-O 12. Rde1 Re8 13. Bd1 Nc6 14. h3 b5
15. Ne2 Bb7 16. Rhg1 Nd7 17. Ref1 a5 18. g4 Nb4 19. Nc3 Rab8 20. h4 Bxf3 21.
Bxf3 Bxh4 22. a3 Ne5 23. Bh1 Bxf2 24. axb4 Bxg1 25. Rxg1 axb4 26. Nd5 b3 27.
cxb3 Nxd3+ 28. Kc2 Nf2 29. Bf3 Ne4 30. Bc1 c6 31. Ne3 Ng5 32. Bd1 g6 33. Rh1 Kg7
34. Nf1 Re6 35. Bd2 b4 36. Ng3 c5 37. Be2 d5 38. Bd3 Rc8 39. Bb5 Rb6 40. Be2 Rf6
41. Rh2 Rh8 42. Be3 Re6 43. Kd2 Rc8 44. Bf4 f6 45. Rh1 c4 46. Ra1 Re7 47. Bd1
c3+ 48. bxc3 Rxc3 49. Ne2 Nf3# 0-1

[Event "World Rapid 2019"]
[Site "Moscow RUS"]
[Date "2019.12.26"]
[Round "2.54"]
[White "Sjugirov, Sanan"]
[Black "Xu, Yinglun"]
[Result "0-1"]
[WhiteTitle "GM"]
[BlackTitle "GM"]
[WhiteElo "2665"]
[BlackElo "2555"]
[WhiteFideId "4189302"]
[BlackFideId "8604940"]
[EventDate "2019.12.26"]
[EventType "rapid"]

1. d4 d5 2. c4 e6 3. Nf3 Nf6 4. Nc3 c5 5. cxd5 Nxd5 6. e4 Nxc3 7. bxc3 cxd4 8.
cxd4 Bb4+ 9. Bd2 Bxd2+ 10. Qxd2 O-O 11. Bc4 b6 12. O-O Bb7 13. Rfe1 Nd7 14. Rad1
Rc8 15. Bb3 Re8 16. h3 h6 17. Qf4 Qc7 18. Qh4 Qd8 19. Qg4 Nf6 20. Qf4 Qc7 21.
Ne5 b5 22. h4 a5 23. a4 bxa4 24. Bxa4 Red8 25. g4 Qe7 26. g5 hxg5 27. hxg5 Nxe4
28. Rxe4 Bxe4 29. Qxe4 Qxg5+ 30. Kf1 Rc1 31. Qf3 Rxd4 32. Qa8+ Kh7 33. Qh1+ Rh4 0-1

[Event "World Rapid 2019"]
[Site "Moscow RUS"]
[Date "2019.12.26"]
[Round "2.55"]
[White "Huzman, Alexander"]
[Black "Turov, Maxim"]
[Result "0-1"]
[WhiteTitle "GM"]
[BlackTitle "GM"]
[WhiteElo "2567"]
[BlackElo "2574"]
[WhiteFideId "2803828"]
[BlackFideId "4120086"]
[EventDate "2019.12.26"]
[EventType "rapid"]

1. Nf3 Nf6 2. c4 e6 3. g3 a6 4. Bg2 b5 5. b3 Bb7 6. O-O c5 7. Nc3 Qb6 8. e3 Nc6
9. d4 cxd4 10. exd4 Bb4 11. Bb2 O-O 12. a3 Bxc3 13. Bxc3 d5 14. c5 Qc7 15. Nd2
a5 16. b4 axb4 17. axb4 Rxa1 18. Qxa1 Ra8 19. Qb2 Qb8 20. Re1 Ne8 21. Bf1 Nc7
22. Bd3 Qa7 23. Bb1 Qa3 24. Qc2 g6 25. Nf3 Nxb4 26. Qd2 Nc6 27. Bb2 Qxf3 0-1

[Event "World Rapid 2019"]
[Site "Moscow RUS"]
[Date "2019.12.26"]
[Round "2.56"]
[White "Xu, Xiangyu"]
[Black "Guliyev, Namig"]
[Result "1-0"]
[WhiteTitle "GM"]
[BlackTitle "GM"]
[WhiteElo "2582"]
[BlackElo "2548"]
[WhiteFideId "8608288"]
[BlackFideId "13400363"]
[EventDate "2019.12.26"]
[EventType "rapid"]

1. e4 c5 2. Nc3 Nc6 3. Bb5 Nd4 4. Nf3 Nxb5 5. Nxb5 a6 6. Nc3 d6 7. d4 cxd4 8.
Qxd4 Bg4 9. Bg5 h6 10. Bh4 Bxf3 11. gxf3 e5 12. Qa4+ Qd7 13. Qb3 g5 14. Bg3 Nf6
15. O-O-O Qc6 16. Rd2 Be7 17. Nd1 Nh5 18. Ne3 Ng7 19. h4 b5 20. hxg5 Bxg5 21.
Bh4 Bxh4 22. Rxh4 Rc8 23. Qd3 Rd8 24. f4 Ne6 25. fxe5 dxe5 26. Nd5 Qc4 27. Qg3
Qxa2 28. c3 Kf8 29. Rg4 Nf4 30. Rxf4 exf4 31. Qxf4 Qa1+ 32. Kc2 Qa4+ 33. Kb1 Re8
34. Rd4 Qa5 35. Qd6+ Kg7 36. Rd3 Re6 37. Rg3+ Rg6 38. Rxg6+ fxg6 39. Qe7+ 1-0